| 000 | 00375nam a2200121Ia 4500 | ||
|---|---|---|---|
| 008 | 210430s9999 xx 000 0 und d | ||
| 020 | _a0-8129-2913-6 | ||
| 082 | _a973.929 C636B | ||
| 100 |
_aPresident Bill Clinton _954649 |
||
| 245 |
_aBetween Hope and History Meeting America's Challenges for the 21st Century _cPresident Bill Clinton |
||
| 300 | _a178 | ||
| 942 |
_cBK _2ddc |
||
| 999 |
_c565289 _d565289 |
||